U.S. States within 5 Years of Statehood - Statistics

General Stats
  • This quiz has been taken 1,592 times
  • The average score is 39 of 50
Answers on the Map
Answers color-coded by a green-red scale on the quiz's map according to % correct below.
 
Answer Stats
Hint Answer % Correct
Connecticut Delaware/Pennsylvania/New Jersey/Georgia/Connecticut/Massachusetts/Maryland/ South Carolina/New Hampshire/Virginia/New York/North Carolina/Rhode Island/ Vermont/Kentucky
97%
Delaware Delaware/Pennsylvania/New Jersey/Georgia/Connecticut/Massachusetts/Maryland/ South Carolina/New Hampshire/Virginia/New York/North Carolina/Rhode Island/ Vermont/Kentucky
97%
Georgia Delaware/Pennsylvania/New Jersey/Georgia/Connecticut/Massachusetts/Maryland/ South Carolina/New Hampshire/Virginia/New York/North Carolina/Rhode Island/ Vermont/Kentucky
97%
Maryland Delaware/Pennsylvania/New Jersey/Georgia/Connecticut/Massachusetts/Maryland/ South Carolina/New Hampshire/Virginia/New York/North Carolina/Rhode Island/ Vermont/Kentucky
97%
Massachusetts Delaware/Pennsylvania/New Jersey/Georgia/Connecticut/Massachusetts/Maryland/ South Carolina/New Hampshire/Virginia/New York/North Carolina/Rhode Island/ Vermont/Kentucky
97%
New Hampshire Delaware/Pennsylvania/New Jersey/Georgia/Connecticut/Massachusetts/Maryland/ South Carolina/New Hampshire/Virginia/New York/North Carolina/Rhode Island/ Vermont/Kentucky
97%
New Jersey Delaware/Pennsylvania/New Jersey/Georgia/Connecticut/Massachusetts/Maryland/ South Carolina/New Hampshire/Virginia/New York/North Carolina/Rhode Island/ Vermont/Kentucky
97%
New York Delaware/Pennsylvania/New Jersey/Georgia/Connecticut/Massachusetts/Maryland/ South Carolina/New Hampshire/Virginia/New York/North Carolina/Rhode Island/ Vermont/Kentucky
97%
North Carolina Delaware/Pennsylvania/New Jersey/Georgia/Connecticut/Massachusetts/Maryland/ South Carolina/New Hampshire/Virginia/New York/North Carolina/Rhode Island/ Vermont/Kentucky
97%
Pennsylvania Delaware/Pennsylvania/New Jersey/Georgia/Connecticut/Massachusetts/Maryland/ South Carolina/New Hampshire/Virginia/New York/North Carolina/Rhode Island/ Vermont/Kentucky
97%
Rhode Island Delaware/Pennsylvania/New Jersey/Georgia/Connecticut/Massachusetts/Maryland/ South Carolina/New Hampshire/Virginia/New York/North Carolina/Rhode Island/ Vermont/Kentucky
97%
South Carolina Delaware/Pennsylvania/New Jersey/Georgia/Connecticut/Massachusetts/Maryland/ South Carolina/New Hampshire/Virginia/New York/North Carolina/Rhode Island/ Vermont/Kentucky
97%
Vermont Delaware/Pennsylvania/New Jersey/Georgia/Connecticut/Massachusetts/Maryland/ South Carolina/New Hampshire/Virginia/New York/North Carolina/Rhode Island/ Vermont/Kentucky
97%
Virginia Delaware/Pennsylvania/New Jersey/Georgia/Connecticut/Massachusetts/Maryland/ South Carolina/New Hampshire/Virginia/New York/North Carolina/Rhode Island/ Vermont/Kentucky
97%
Kentucky Delaware/Pennsylvania/New Jersey/Georgia/Connecticut/Massachusetts/Maryland/ South Carolina/New Hampshire/Virginia/New York/North Carolina/Rhode Island/ Vermont/Kentucky/Tennessee
97%
Iowa Florida/Texas/Iowa/Wisconsin/California
95%
Texas Florida/Texas/Iowa/Wisconsin/California
95%
Wisconsin Florida/Texas/Iowa/Wisconsin/California
95%
California Texas/Iowa/Wisconsin/California
93%
Indiana Louisiana/Indiana/Mississippi/Illinois/Alabama/Maine/Missouri
86%
Florida Florida/Texas/Iowa/Wisconsin
83%
Alabama Indiana/Mississippi/Illinois/Alabama/Maine/Missouri
82%
Illinois Indiana/Mississippi/Illinois/Alabama/Maine/Missouri
82%
Maine Indiana/Mississippi/Illinois/Alabama/Maine/Missouri
82%
Mississippi Indiana/Mississippi/Illinois/Alabama/Maine/Missouri
82%
Missouri Indiana/Mississippi/Illinois/Alabama/Maine/Missouri
82%
Idaho North Dakota/South Dakota/Montana/Washington/Idaho/Wyoming
78%
Montana North Dakota/South Dakota/Montana/Washington/Idaho/Wyoming
78%
North Dakota North Dakota/South Dakota/Montana/Washington/Idaho/Wyoming
78%
South Dakota North Dakota/South Dakota/Montana/Washington/Idaho/Wyoming
78%
Washington North Dakota/South Dakota/Montana/Washington/Idaho/Wyoming
78%
Wyoming North Dakota/South Dakota/Montana/Washington/Idaho/Wyoming
78%
Kansas Minnesota/Oregon/Kansas/West Virginia/Nevada
76%
West Virginia Oregon/Kansas/West Virginia/Nevada/Nebraska
72%
Oregon Minnesota/Oregon/Kansas/West Virginia
69%
Alaska Alaska/Hawaii
68%
Hawaii Alaska/Hawaii
68%
Nevada Kansas/West Virginia/Nevada/Nebraska
65%
Minnesota Minnesota/Oregon/Kansas
65%
Arizona Oklahoma/New Mexico/Arizona
63%
New Mexico Oklahoma/New Mexico/Arizona
63%
Oklahoma Oklahoma/New Mexico/Arizona
63%
Nebraska West Virginia/Nevada/Nebraska
55%
Ohio Ohio
52%
Utah Utah
46%
Arkansas Arkansas/Michigan
45%
Michigan Arkansas/Michigan
45%
Colorado Colorado
42%
Tennessee Kentucky/Tennessee
33%
Louisiana Louisiana/Indiana
33%
No matching quizzes found
Score Distribution
Percent of People with Each Score
Percentile by Number Answered
Your Score History
You have not taken this quiz